00723cam a22002052 4500001001100000005001700011008004100028020002800069040001500097050002100112100003400133245013100167250001200298260005500310300001500365650004100380650003200421700003200453700003200485000000361620151217145738.0070510s xx 000 0 eng d a0226816273 :cKES 1,680 aKABUcKABU 0aLB2369b.T8 19961 aTurabian, Kate L.@000007728212aA Manual for writers of term papers, theses and dissertations /cKate L. Turabian; revised by John Grossman and Alice Bennett. a6th ed. aChicago :bThe University of Chicago Press,c1996. aix, 308 p. 0aDissertations, Academic.@0000151328 0aReport writing.@00001520551 aGrossman, John.@00001536511 aBennett, Alice.@0000153652